[Event "ICS rated blitz match"]
[Site "207.99.83.227"]
[Date "1999.03.21"]
[Round "?"]
[White "egghead"]
[Black "Hossa"]
[Result "1-0"]
[WhiteElo "2518"]
[BlackElo "2371"]
[Annotator "Crafty v16.6"]
[PlyCount "128"]

{annotating for player Hossa using a scoring margin of +0.10 pawns. search
time limit is 12.00} 1. e4 1... c5 2. Nf3 Nc6 3. d4 cxd4 4. Nxd4 Qa5+ ({8:-0.49
} 4... Qa5+ 5. Nc3 Nxd4 6. Qxd4 e5 7. Qc4 Bb4 8. Bd2 Nf6 9. Bd3 $14) ({8:-0.30
} 4... Qb6 5. Nxc6 Qxc6 6. Nc3 Nf6 7. Bb5 Qe6 8. Qd4 8... Qg4 $10) 5. Nc3 Nxd4
({9:-0.60} 5... Nxd4 6. Qxd4 e5 7. Qd3 Bb4 8. Be2 Bxc3+ 9. bxc3 Nf6 10. O-O O-O
11. Bg5 $14) ({9:-0.36} 5... Nf6 6. Nxc6 dxc6 7. Bd3 Bg4 8. Qd2 O-O-O 9. f3 Bh5
10. O-O $14) 6. Qxd4 e5 7. Qd2 Bb4 8. Bc4 Nf6 9. f3 Rb8 ({8:-0.04} 9... Rb8 10.
Qd3 b5 11. Bb3 Bxc3+ 12. bxc3 O-O 13. O-O Qb6+ 14. Be3 14... Qc7 $10) ({8:+0.13
} 9... b5 10. Bb3 O-O 11. Qd3 Bxc3+ 12. bxc3 b4 13. Qd6 bxc3 14. O-O $10) 10.
a3 Bxc3 11. Qxc3 Qxc3+ 12. bxc3 b5 13. Rb1 Ba6 14. a4 O-O 15. axb5 Rfc8 16. Rb4
Bb7 17. Bg5 Ne8 18. Be3 Nd6 19. Bd3 Rxc3 20. Bxa7 Ra8 21. b6 Nc8 22. Kd2 Ra3
23. Rhb1 Nxa7 24. bxa7 Bc8 25. Rb5 f6 26. Bc4+ Kf8 27. R1b3 Ra4 28. Bd5 R8xa7
29. Rb8 Rd4+ 30. Kc1 Rc7 31. R3b7 Rc3 32. Rxd7 Ke8 33. Rxg7 h5 34. Rg8+ Kd7 35.
Rh8 Rc5 36. Rh7+ Ke8 37. Be6 Rd8 38. Ra8 Bxe6 39. Rh8+ Kf7 40. Rhxd8 Kg6 41.
Kd2 Rc6 42. Ra7 f5 43. Ra5 fxe4 44. fxe4 Kf6 45. Rf8+ Ke7 46. Rh8 Rd6+ 47. Ke3
Rc6 48. Rxh5 Rxc2 49. Ra7+ Kd6 50. Ra6+ Rc6 51. Rxc6+ Kxc6 52. Rxe5 Bc4 53. g4
Kd6 54. Kf4 Ba6 55. h4 Bf1 56. h5 Bc4 57. g5 Bf7 58. g6 Bc4 59. h6 Kc6 60. h7
Bd3 61. h8=Q Be2 62. Qf6+ Kd7 63. g7 Bf1 64. Re7+ Kd8 1-0

[Event "ICS rated blitz match"]
[Site "207.99.83.227"]
[Date "1999.03.21"]
[Round "?"]
[White "Panthee"]
[Black "Hossa"]
[Result "0-1"]
[WhiteElo "2265"]
[BlackElo "2372"]
[PlyCount "48"]

1. e4 e5 2. Nf3 Nc6 3. Bb5 a6 4. Ba4 Nf6 5. O-O Be7 6. Re1 b5 7. Bb3 O-O 8. c3
d6 9. h3 Na5 10. Bc2 Bb7 11. d3 Nc6 12. Nbd2 Qd7 13. Nf1 Rae8 14. Ng3 d5 15.
Nf5 dxe4 16. dxe4 Rd8 17. Qe2 Kh8 18. Bg5 Ng8 19. Be3 Qe6 20. Rad1 Qxa2 21. b3
Qb2 22. Nxe7 Ngxe7 23. c4 Nb4 24. Bb1 24... Qxe2 {Panthee resigns} 0-1

[Event "ICS rated blitz match"]
[Site "207.99.83.227"]
[Date "1999.03.21"]
[Round "?"]
[White "Hossa"]
[Black "egghead"]
[Result "0-1"]
[WhiteElo "2383"]
[BlackElo "2528"]
[Annotator "Crafty v16.6"]
[PlyCount "162"]

{annotating for player Hossa using a scoring margin of +0.10 pawns. search
time limit is 12.00} 1. e4 1... e5 2. Nf3 Nc6 3. Bc4 ({8:-0.12} 3. Bc4 3... Bb4
4. O-O Nf6 5. d4 Nxe4 6. Nxe5 6... O-O $10) ({8:-0.01} 3. Bb5 3... Bc5 4. Nc3
Nge7 5. Na4 Bb4 6. Bxc6 Nxc6 7. O-O $10) 3... Nf6 4. Ng5 d5 5. exd5 Na5 6. Bb5+
c6 7. dxc6 bxc6 8. Be2 ({8:+0.79} 8. Be2 8... h6 9. Nf3 e4 10. Ne5 Qd4 11. Ng4
Nxg4 12. Bxg4 Bxg4 13. Qxg4 $16) ({8:+1.02} 8. Qf3 8... h6 9. Ne4 Ng4 10. Be2
f5 11. Ng3 11... Qd5 $16) 8... h6 9. Nf3 e4 10. Ne5 Qc7 11. d4 exd3 12. Nxd3
Bd6 13. f4 O-O 14. O-O Bf5 15. Nc3 Rad8 16. Qe1 Rfe8 17. Qg3 Nc4 18. Nf2 Be6
19. Re1 Bc5 20. b3 Qa5 21. Bxc4 Bxc4 22. Rxe8+ Rxe8 23. Bd2 Be2 24. Re1 Qd8 25.
Rxe2 Qxd2 26. Kf1 Qc1+ 27. Nfd1 Rxe2 28. Kxe2 Nh5 29. Qg4 Nxf4+ 30. Ke1 Bb4 31.
Qc8+ Bf8 32. Qxc6 Qxc2 33. Kf1 Qd2 34. Qa8 a6 35. h4 Qd3+ 36. Kf2 g6 37. Qc8
Qd2+ 38. Kg3 Nxg2 39. Qe8 Nf4 40. Qc8 g5 41. hxg5 hxg5 42. Qa8 f5 43. a3 Qd6
44. Qc8 Qd3+ 45. Kf2 Qd2+ 46. Kf3 g4+ 47. Kg3 Ne2+ 48. Nxe2 Qxe2 49. Qc4+ Qxc4
50. bxc4 Bd6+ 51. Kh4 Kf8 52. Ne3 g3 53. Ng2 f4 54. Kg4 Ke7 55. a4 Be5 56. Kf3
Bc7 57. Ke4 Kf6 58. a5 Kg6 59. Kf3 Kf5 60. c5 Kg5 61. Ke4 Kg4 62. c6 Bd6 63.
Ne1 Bb8 64. Ng2 Bc7 65. Ne1 Bxa5 66. Ng2 Bc7 67. Ne1 a5 68. Nf3 a4 69. Ne5+ Kh5
70. Kf5 a3 71. Ke6 a2 72. Nf3 Kg4 73. Kd7 a1=Q 74. Nd2 Qg7+ 75. Ke6 Qe5+ 76.
Kf7 Qd5+ 77. Ke7 g2 78. Ke8 Qxd2 79. Kf8 Qd6+ 80. Kg8 Qg6+ 81. Kh8 Be5# 0-1

[Event "ICS rated blitz match"]
[Site "207.99.83.227"]
[Date "1999.03.21"]
[Round "?"]
[White "egghead"]
[Black "Hossa"]
[Result "0-1"]
[WhiteElo "2538"]
[BlackElo "2373"]
[PlyCount "176"]

1. e4 e5 2. Nf3 Nc6 3. d4 exd4 4. Nxd4 Bc5 5. Nb3 Bb4+ 6. c3 Be7 7. Qg4 g6 8.
Qf3 Ne5 9. Qg3 d6 10. Bb5+ c6 11. Be2 Bh4 12. Qf4 Bg4 13. Nd4 Bxe2 14. Kxe2 g5
15. Qf5 Nh6 16. Qh3 g4 17. Qe3 Ng8 18. Kf1 Kd7 19. g3 Be7 20. h3 Kc8 21. hxg4
c5 22. Nf5 Nxg4 23. Qe2 Ne5 24. Be3 Nf6 25. Nd2 Re8 26. f4 Neg4 27. Kg1 Rg8 28.
Rh3 Qd7 29. Rf1 Nxe4 30. Nxe7+ Qxe7 31. Bxc5 Ngf6 32. Bxd6 Qe6 33. f5 Qxd6 34.
Nxe4 Nxe4 35. Qxe4 Rxg3+ 36. Rxg3 Qxg3+ 37. Qg2 Qxg2+ 38. Kxg2 Kd7 39. Rh1 Rh8
40. Rh6 Ke7 41. Kf3 f6 42. Ke4 Kf7 43. a4 Re8+ 44. Kf3 Kg7 45. Rh3 Re5 46. Kf4
Re7 47. c4 a5 48. b3 b6 49. Rg3+ Kf7 50. Rd3 Rb7 51. Rh3 Kg7 52. Rg3+ Kf8 53.
Re3 Kg8 54. Re8+ Kf7 55. Rd8 Ke7 56. Rd2 Rb8 57. Rh2 Rh8 58. Re2+ Kf7 59. Rd2
Ke7 60. Rd5 Rc8 61. Rb5 Rc6 62. Kg4 Kf7 63. Rd5 Ke7 64. Rd3 Rd6 65. Rg3 Rd4+
66. Kf3 Rd3+ 67. Kf2 Rxg3 68. Kxg3 Kd6 69. Kf4 Kc5 70. Ke4 h5 71. Kf4 Kb4 72.
Kg3 Kxb3 73. Kh4 Kxc4 74. Kxh5 b5 75. axb5 Kxb5 76. Kg6 a4 77. Kxf6 a3 78. Kg5
a2 79. Kg6 Kc4 80. f6 a1=Q 81. f7 Qh8 82. Kf5 Kd5 83. Kf4 Qf6+ 84. Ke3 Qxf7 85.
Ke2 Kd4 86. Kd1 Kd3 87. Ke1 Qf6 88. Kd1 88... Qf1# {egghead checkmated} 0-1

[Event "ICS rated bullet match"]
[Site "207.99.83.227"]
[Date "1999.03.21"]
[Round "?"]
[White "Hossa"]
[Black "JediCutie"]
[Result "1-0"]
[WhiteElo "2396"]
[BlackElo "2102"]
[PlyCount "29"]

1. e4 d6 2. d4 e5 3. dxe5 dxe5 4. Qxd8+ Kxd8 5. Bc4 Nc6 6. Bxf7 Nh6 7. Bxh6
gxh6 8. Ne2 Bc5 9. Nbc3 Rf8 10. O-O-O+ Ke7 11. Bh5 Rxf2 12. Nd5+ Kf8 13. Rdf1
Rxf1+ 14. Rxf1+ Kg7 15. Rf7+ {JediCutie resigns} 1-0

[Event "ICS rated bullet match"]
[Site "207.99.83.227"]
[Date "1999.03.21"]
[Round "?"]
[White "Hossa"]
[Black "Faj"]
[Result "1-0"]
[WhiteElo "2399"]
[BlackElo "2155"]
[PlyCount "35"]

1. e4 d5 2. exd5 Qxd5 3. Nc3 Qa5 4. Nf3 e5 5. Bc4 Be7 6. O-O Nc6 7. d4 Nf6 8.
Bb5 Bd7 9. Bxc6 Bxc6 10. Nxe5 O-O 11. Nxc6 bxc6 12. Re1 Bd6 13. Qf3 Rab8 14.
Qxc6 Qf5 15. Qa6 Ng4 16. f3 Bxh2+ 17. Kh1 Qg5 18. Bxg5 {Faj resigns} 1-0

[Event "ICS rated bullet match"]
[Site "207.99.83.227"]
[Date "1999.03.21"]
[Round "?"]
[White "Faj"]
[Black "Hossa"]
[Result "0-1"]
[WhiteElo "2149"]
[BlackElo "2405"]
[PlyCount "25"]

1. d4 Nf6 2. Nc3 d5 3. e4 Nxe4 4. Nxe4 dxe4 5. Bc4 Nc6 6. c3 e5 7. d5 Nb8 8.
Qe2 Bf5 9. f3 Bd6 10. Be3 O-O 11. g4 exf3 12. Nxf3 Bxg4 13. O-O-O {Faj resigns}
0-1

[Event "ICS rated bullet match"]
[Site "207.99.83.227"]
[Date "1999.03.21"]
[Round "?"]
[White "Faj"]
[Black "Hossa"]
[Result "0-1"]
[WhiteElo "2161"]
[BlackElo "2411"]
[PlyCount "68"]

1. d4 Nf6 2. Nc3 d5 3. e4 Nxe4 4. Nxe4 dxe4 5. f3 e5 6. Be3 exd4 7. Bxd4 Nc6 8.
Bc3 Bd7 9. Be2 Qh4+ 10. g3 Qe7 11. fxe4 Qxe4 12. Nf3 O-O-O 13. O-O Bf5 14. Qe1
Qxc2 15. Rc1 Qe4 16. Qf2 Qd5 17. Rfd1 Bc5 18. Rxd5 Bxf2+ 19. Kxf2 Rxd5 20. Bc4
Rd7 21. Bb5 Rd6 22. Bxg7 Rg8 23. Bc3 Bd3 24. Ba4 Be4 25. Re1 Bxf3 26. Kxf3 Rf8
27. Bc2 f5 28. Bb3 Kd7 29. Ba4 Kd8 30. Re3 Nd4+ 31. Kf2 f4 32. gxf4 Rxf4+ 33.
Ke1 Nf3+ 34. Ke2 34... Ng1+ {Faj resigns} 0-1

[Event "ICS rated blitz match"]
[Site "207.99.83.227"]
[Date "1999.03.21"]
[Round "?"]
[White "Hossa"]
[Black "MiddleHead"]
[Result "1-0"]
[WhiteElo "2396"]
[BlackElo "2242"]
[PlyCount "49"]

1. e4 d6 2. d4 Nf6 3. Nc3 g6 4. Nf3 Bg7 5. Bb5+ c6 6. Be2 O-O 7. O-O b5 8. e5
Nfd7 9. exd6 exd6 10. d5 b4 11. dxc6 bxc3 12. cxd7 cxb2 13. Bxb2 Bxb2 14.
dxc8=Q Qxc8 15. Rb1 Bg7 16. Ng5 Qc5 17. Ne4 Qa5 18. Bc4 Na6 19. Qxd6 Nc7 20.
Rb7 Rac8 21. Qd7 a6 22. Bxf7+ Kh8 23. Qh3 Nd5 24. Bxd5 Qxd5 25. Nf6 {
MiddleHead resigns} 1-0

[Event "ICS rated blitz match"]
[Site "207.99.83.227"]
[Date "1999.03.21"]
[Round "?"]
[White "bnbchessclub"]
[Black "Hossa"]
[Result "0-1"]
[WhiteElo "2126"]
[BlackElo "2405"]
[PlyCount "76"]

1. e4 d6 2. d4 e6 3. c4 Nf6 4. Nc3 Be7 5. Nf3 O-O 6. Bd3 Nc6 7. Be3 Ng4 8. h3
Nxe3 9. fxe3 Bh4+ 10. Ke2 Nb4 11. a3 Nxd3 12. Qxd3 Bg3 13. Nd1 e5 14. dxe5 dxe5
15. Qxd8 Rxd8 16. Nc3 Be6 17. b3 Rd6 18. Rad1 Rd7 19. Rxd7 Bxd7 20. Rd1 Bc6 21.
Nd5 Bxd5 22. Rxd5 Rc8 23. Nxe5 c6 24. Rc5 Ra8 25. Nd3 Bd6 26. Rf5 Bxa3 27. b4
b6 28. c5 b5 29. Rf1 a5 30. Ra1 axb4 31. Nxb4 Ra4 32. Nxc6 Bxc5 33. Rxa4 bxa4
34. Na5 a3 35. Nb3 a2 36. Kd3 Bd6 37. Kc2 Be5 38. Nd4 38... a1=Q {
bnbchessclub resigns} 0-1

[Event "ICS rated bullet match"]
[Site "207.99.83.227"]
[Date "1999.03.21"]
[Round "?"]
[White "Hossa"]
[Black "TDChess"]
[Result "0-1"]
[WhiteElo "2417"]
[BlackElo "2676"]
[Annotator "Crafty v16.6"]
[PlyCount "122"]

{annotating for player Hossa using a scoring margin of +0.10 pawns. search
time limit is 12.00} 1. e4 1... d5 2. exd5 Qxd5 3. Nc3 Qe6+ 4. Be2 Qg6 5. Bf3
Nc6 6. d3 ({8:+0.12} 6. d3 6... Nd4 7. Be4 f5 8. Nd5 Qc6 9. Nxe7 Nxc2+ 10. Kf1
$10) ({8:+0.53} 6. Nge2 6... Bf5 7. Nb5 Bxc2 8. Nxc7+ Kd7 9. Nf4 Qf5 10. Bg4
Bxd1 11. Bxf5+ Kxc7 12. Kxd1 $14) 6... Nd4 7. Be3 e5 8. Nd5 Qd6 9. Bxd4 exd4
10. c3 c6 11. Nb4 Bf5 12. Qe2+ Be7 13. Bg4 dxc3 14. bxc3 Bxg4 15. Qxg4 a5 16.
Nc2 Qxd3 17. Rc1 Qxc3+ 18. Kf1 h5 19. Qa4 O-O-O 20. Qb3 Qxb3 21. axb3 Rd3 22.
Rb1 Rh6 23. Ne1 Rd8 24. Ngf3 h4 25. Ra1 Rh5 26. Rg1 Rb5 27. Ra2 Bb4 28. g3 Bc3
29. Ra3 Rdd5 30. Nxh4 Rd1 31. Nhf3 Bxe1 32. Nxe1 Rb1 33. Kg2 R1xb3 34. Ra4 R3b4
35. Ra3 Rb1 36. Re3 Rd5 37. h4 Nf6 38. Re7 Rd7 39. Re5 a4 40. Rg5 g6 41. Ra5 b5
42. f4 Kb7 43. f5 Rd8 44. fxg6 fxg6 45. Rf1 Nd5 46. Nc2 Rxf1 47. Kxf1 Kb6 48.
Rxa4 bxa4 49. g4 Rh8 50. h5 gxh5 51. gxh5 Rxh5 52. Nd4 a3 53. Kg2 a2 54. Nc2
Ne3+ 55. Nxe3 a1=Q 56. Nc4+ Kc5 57. Nd2 Rg5+ 58. Kf2 Qd4+ 59. Kf1 Rg1+ 60. Ke2
Rg2+ 61. Kf1 Qg1# 0-1

[Event "ICS rated bullet match"]
[Site "207.99.83.227"]
[Date "1999.03.21"]
[Round "?"]
[White "TDChess"]
[Black "Hossa"]
[Result "1-0"]
[WhiteElo "2682"]
[BlackElo "2411"]
[Annotator "Crafty v16.6"]
[PlyCount "53"]

{annotating for player Hossa using a scoring margin of +0.10 pawns. search
time limit is 12.00} 1. d4 1... Nf6 2. Nf3 e6 3. e3 Be7 4. Bd3 O-O 5. O-O c5 6.
Na3 cxd4 7. exd4 Bxa3 8. bxa3 b6 9. c4 Bb7 10. Re1 Bxf3 11. Qxf3 Nc6 12. d5
exd5 13. cxd5 Ne7 14. Bg5 Rc8 15. Bxf6 gxf6 16. Rxe7 Rc3 17. Rae1 Kg7 18. R1e4
f5 19. Qxf5 Rc1+ 20. Bf1 Rxf1+ 21. Kxf1 Qxe7 22. Rxe7 Kg8 23. Re4 Rc8 24. Qg5+
Kf8 25. Qh6+ Kg8 26. Rg4+ Kh8 27. Qg7# 1-0

[Event "ICS rated blitz match"]
[Site "207.99.83.227"]
[Date "1999.03.21"]
[Round "?"]
[White "Hossa"]
[Black "stalkingmaniac"]
[Result "1-0"]
[WhiteElo "2415"]
[BlackElo "2200"]
[PlyCount "49"]

1. e4 c5 2. Bc4 Nc6 3. a3 e6 4. Nc3 d6 5. Nf3 Be7 6. Bb5 a6 7. Bxc6+ bxc6 8.
O-O Nf6 9. e5 Nd5 10. exd6 Bxd6 11. Ne4 Be7 12. Ne5 Qc7 13. Nc4 O-O 14. Qh5 f5
15. Ng5 h6 16. Nh3 Bd7 17. d3 Be8 18. Qe2 Bf7 19. Bd2 Bf6 20. Rae1 Rfe8 21. Qf3
Rab8 22. b3 Qd7 23. Qg3 Kh8 24. Ne5 Nb6 25. Nxd7 {stalkingmaniac resigns} 1-0

[Event "ICS rated blitz match"]
[Site "207.99.83.227"]
[Date "1999.03.21"]
[Round "?"]
[White "FrenchKnight"]
[Black "Hossa"]
[Result "0-1"]
[WhiteElo "2120"]
[BlackElo "2415"]
[PlyCount "62"]

1. e4 e5 2. Nf3 Nc6 3. Bc4 Bc5 4. c3 Nf6 5. d3 O-O 6. Bb3 d5 7. Qe2 Be6 8. O-O
dxe4 9. dxe4 Qe7 10. Bg5 Bxb3 11. axb3 Rad8 12. b4 Bb6 13. Nbd2 Rd6 14. Nc4 Re6
15. Ne3 Bxe3 16. fxe3 a6 17. Nh4 Kh8 18. Nf5 Qe8 19. Qf2 Nxe4 20. Qh4 Nxg5 21.
Qxg5 Rg6 22. Qh4 Qd8 23. Qh3 Qg5 24. e4 Qg4 25. Rf3 Qxe4 26. Raf1 f6 27. Kh1
Rd8 28. Rg3 Rxg3 29. hxg3 Qe2 30. Rg1 Qxb2 31. g4 31... Qd2 {
FrenchKnight resigns} 0-1

[Event "ICS rated blitz match"]
[Site "207.99.83.227"]
[Date "1999.03.21"]
[Round "?"]
[White "Hossa"]
[Black "FrenchKnight"]
[Result "1-0"]
[WhiteElo "2420"]
[BlackElo "2115"]
[PlyCount "49"]

1. e4 e6 2. d4 d5 3. Nc3 Bb4 4. exd5 exd5 5. Bd3 Nf6 6. Nge2 O-O 7. O-O c5 8.
dxc5 Bxc5 9. Bg5 Be6 10. Nf4 Nc6 11. Ncxd5 Bxd5 12. Nxd5 Ne5 13. Be4 Be7 14.
Nxf6+ Bxf6 15. Qxd8 Bxd8 16. Be3 Nc4 17. Bc5 Re8 18. Bxb7 Rb8 19. Bc6 Re5 20.
Bxa7 Rc8 21. Bd4 Rxc6 22. Bxe5 Nxe5 23. Rae1 Bf6 24. f4 Rxc2 25. fxe5 {
FrenchKnight resigns} 1-0

[Event "ICS rated blitz match"]
[Site "207.99.83.227"]
[Date "1999.03.21"]
[Round "?"]
[White "Hossa"]
[Black "rajah"]
[Result "0-1"]
[WhiteElo "2429"]
[BlackElo "2502"]
[Annotator "Crafty v16.6"]
[PlyCount "136"]

{annotating for player Hossa using a scoring margin of +0.10 pawns. search
time limit is 12.00} 1. e4 1... e6 2. d4 d5 3. Nc3 Nf6 4. e5 Nfd7 5. Nf3 c5 6.
Bb5 a6 7. Ba4 ({8:-1.71} 7. Ba4 7... b5 8. Bxb5 axb5 9. Nxb5 Nc6 10. dxc5 Qa5+
11. Nc3 11... Qxc5 $19) ({8:-0.10} 7. Be2 7... Nc6 8. dxc5 Bxc5 9. Bf4 Qb6 10.
O-O Qxb2 11. Qd3 $10) 7... b5 8. Bb3 ({9:-2.75} 8. Bb3 8... c4 9. Bg5 Be7 10.
Bxe7 Qxe7 11. Bxc4 bxc4 12. O-O 12... O-O $19) ({9:-1.95} 8. Bg5 8... Qa5 9.
Bb3 c4 10. O-O Qc7 11. Rc1 cxb3 12. cxb3 $19) 8... c4 9. Bg5 f6 10. exf6 ({
8:-2.27} 10. exf6 10... Nxf6 11. Bxc4 bxc4 12. O-O Nc6 13. Re1 Bb4 14. Ne5 Nxe5
15. Rxe5 $19) ({8:-2.13} 10. Nh4 10... Qe7 11. exf6 gxf6 12. Bh6 cxb3 13. Bxf8
Qxf8 14. Qh5+ Qf7 15. Qxf7+ Kxf7 16. axb3 $19) 10... gxf6 11. Bf4 cxb3 12. axb3
Bb4 13. O-O Bb7 14. Na2 Be7 15. Re1 Nf8 16. Bh6 Nbd7 17. Nh4 Ng6 18. Qh5 Kf7
19. Nc3 Rc8 20. Rec1 Qg8 21. Ne2 Ke8 22. Nf4 Qf7 23. Kh1 Nxf4 24. Qxf7+ Kxf7
25. Bxf4 Rhg8 26. c3 Rg4 27. Bg3 Kg8 28. Re1 Re4 29. Rxe4 dxe4 30. f3 f5 31.
fxe4 fxe4 32. Rd1 e3 33. Re1 Bg5 34. Nf3 Bh6 35. Nh4 Rf8 36. Kg1 Bd5 37. Ra1 e2
38. Bf2 Bxb3 39. Nf3 Bf4 40. Rxa6 Bd5 41. Ra7 Bxf3 42. gxf3 Be3 43. Ra1 Rxf3
44. Bxe3 Rxe3 45. Kf2 Rh3 46. Rg1+ Kf7 47. Rg2 b4 48. cxb4 Rd3 49. Rg4 Rd2 50.
Rh4 Nf6 51. b3 Rc2 52. b5 Ke8 53. b6 Rb2 54. Rh3 Kd8 55. Rf3 Ne4+ 56. Ke1 Nd6
57. Rh3 Nb5 58. b7 Kc7 59. Rxh7+ Kb8 60. Rh4 Nc3 61. Re4 Nxe4 62. b4 Nc3 63.
Kf2 Rb1 64. Kf3 e1=Q 65. h3 Qe4+ 66. Kg3 Rg1+ 67. Kf2 Rg2+ 68. Kf1 Qe2# 0-1

[Event "ICS rated blitz match"]
[Site "207.99.83.227"]
[Date "1999.03.21"]
[Round "?"]
[White "egghead"]
[Black "Hossa"]
[Result "0-1"]
[WhiteElo "2474"]
[BlackElo "2416"]
[PlyCount "102"]

1. d4 Nf6 2. c4 g6 3. Nc3 Bg7 4. e4 d6 5. f3 O-O 6. Be3 Nbd7 7. Bd3 e5 8. Nge2
exd4 9. Nxd4 Ne5 10. O-O Re8 11. Kh1 Nfd7 12. f4 Nxd3 13. Qxd3 Nc5 14. Qc2 f5
15. Nxf5 gxf5 16. Bxc5 dxc5 17. Rad1 Qf6 18. e5 Qf7 19. Qb3 b6 20. Nd5 Be6 21.
Rd3 Rad8 22. Rfd1 c6 23. Ne3 Rc8 24. Qa4 Bh6 25. g3 Bf8 26. R1d2 Re7 27. a3 Qh5
28. Qd1 Qh3 29. g4 fxg4 30. f5 Bf7 31. Nxg4 Qh4 32. f6 Ree8 33. Rg3 Kh8 34. Qe2
h5 35. Nf2 Bxc4 36. Qe3 Bd5+ 37. Kg1 Qc4 38. Nd3 Rcd8 39. Rg5 Bh6 40. Qe2 Rg8
41. Rg3 Qd4+ 42. Kf1 Rxg3 43. hxg3 Bc4 44. Qxh5 Bxd3+ 45. Rxd3 Qxd3+ 46. Qe2
Qf5+ 47. Qf2 Rd1+ 48. Kg2 Qe4+ 49. Qf3 Rd2+ 50. Kh3 Qxf3 51. f7 51... Qh5# {
egghead checkmated} 0-1

[Event "ICS rated bullet match"]
[Site "207.99.83.227"]
[Date "1999.03.21"]
[Round "?"]
[White "Hossa"]
[Black "rajah"]
[Result "0-1"]
[WhiteElo "2405"]
[BlackElo "2443"]
[Annotator "Crafty v16.6"]
[PlyCount "158"]

{annotating for player Hossa using a scoring margin of +0.10 pawns. search
time limit is 12.00} 1. e4 1... e6 2. d4 d5 3. Nc3 dxe4 4. Nxe4 Nf6 5. Nxf6+
gxf6 6. Nf3 Bd7 7. Bc4 Bb4+ 8. c3 Bd6 9. Bh6 ({8:+0.80} 9. Bh6 9... Nc6 10. O-O
Na5 11. Bd3 Qe7 12. Bg7 12... Rg8 $16) ({8:+0.99} 9. O-O 9... b5 10. Bb3 Qe7
11. Bh6 Bc6 12. d5 Bxd5 13. Bxd5 13... exd5 $16) 9... Nc6 10. O-O ({9:+0.60} 
10. O-O 10... Qe7 11. d5 exd5 12. Qxd5 Be6 13. Qb5 O-O-O 14. Rad1 14... Rhe8
$14) ({9:+0.98} 10. Qc2 10... Na5 11. Bd3 Qe7 12. Bxh7 O-O-O 13. Bg7 Rhe8 14.
O-O-O $16) 10... Qe7 11. d5 Na5 12. Bd3 exd5 13. Re1 Be6 14. Qa4+ Nc6 15. Ba6
O-O-O 16. Qxc6 bxa6 17. Qa8+ Kd7 18. Qb7 Rb8 19. Qxa6 Rxb2 20. Bc1 Rbb8 21.
Qxa7 Rhe8 22. Qa4+ Kd8 23. Nd4 Bd7 24. Rxe7 Bxa4 25. Rxe8+ Kxe8 26. f4 Bf8 27.
Kf2 c5 28. Nf3 f5 29. Bd2 Rb2 30. Ke3 Bg7 31. a3 Bb5 32. Re1 Ra2 33. Kf2+ Kd8
34. Kg3 Rxa3 35. Rc1 d4 36. cxd4 cxd4 37. Rc5 Bd7 38. Rc1 Ra2 39. Rd1 Kc8 40.
Ng5 Ba4 41. Rc1+ Kd7 42. Bb4 d3 43. Rc5 Bc6 44. Rxf5 Rxg2+ 45. Kh3 f6 46. Nxh7
d2 47. Bxd2 Rxd2 48. Ra5 Kc7 49. Ra7+ Bb7 50. Ra3 Kb8 51. Rb3 Rf2 52. Rb4 f5
53. Ng5 Bc3 54. Rc4 Rc2 55. Rxc3 Rxc3+ 56. Kh4 Bd5 57. Nh7 Rc2 58. h3 Rc3 59.
Nf6 Bg2 60. Kg5 Bxh3 61. Nd7+ Kc7 62. Ne5 Kd6 63. Kf6 Kd5 64. Ke7 Ke4 65. Ng6
Rc6 66. Ne5 Rh6 67. Kf7 Kxf4 68. Nd3+ Ke3 69. Nb4 f4 70. Nd5+ Ke4 71. Nc3+ Ke5
72. Kg7 Rd6 73. Nb5 Rd7+ 74. Kg6 f3 75. Kh6 f2 76. Na3 f1=Q 77. Nc4+ Qxc4 78.
Kg5 Qg8+ 79. Kh5 Rh7# 0-1

[Event "ICS rated blitz match"]
[Site "207.99.83.227"]
[Date "1999.03.21"]
[Round "?"]
[White "rabid"]
[Black "Hossa"]
[Result "0-1"]
[WhiteElo "2339"]
[BlackElo "2435"]
[PlyCount "68"]

1. d4 Nf6 2. e3 e6 3. f4 Be7 4. Nf3 O-O 5. Bd3 d5 6. O-O b6 7. Qe2 Nc6 8. c3
Bd6 9. Nbd2 Bb7 10. Ne5 Rc8 11. Rf3 Ne7 12. Rh3 c5 13. Bxh7+ Nxh7 14. Qh5 Re8
15. Qxh7+ Kf8 16. Rg3 Nf5 17. Qh5 Bxe5 18. fxe5 cxd4 19. exd4 Nxg3 20. hxg3 Kg8
21. Nf3 f6 22. Bf4 Rf8 23. Kf2 Qe8 24. Qh4 Qb5 25. exf6 Qxb2+ 26. Nd2 Rxf6 27.
Rh1 Qxd2+ 28. Kg1 Qd1+ 29. Kf2 Qc2+ 30. Kg1 Qb1+ 31. Kf2 Qxa2+ 32. Kg1 Rxc3 33.
Be5 Qf2+ 34. Kh2 34... Rh6 {rabid resigns} 0-1

[Event "ICS rated bullet match"]
[Site "207.99.83.227"]
[Date "1999.03.21"]
[Round "?"]
[White "rajah"]
[Black "Hossa"]
[Result "1-0"]
[WhiteElo "2457"]
[BlackElo "2391"]
[Annotator "Crafty v16.6"]
[PlyCount "113"]

{annotating for player Hossa using a scoring margin of +0.10 pawns. search
time limit is 12.00} 1. e4 1... c5 2. Nc3 Nc6 3. Nge2 e5 ({9:-0.50} 3... e5 4.
Nd5 Nf6 5. Nec3 Nxd5 6. Nxd5 Nb4 7. Nxb4 cxb4 8. Qh5 8... Bd6 $14) ({9:-0.22} 
3... Nf6 4. Ng3 e6 5. f4 e5 6. fxe5 Nxe5 7. Bb5 a6 8. Ba4 $10) 4. Nd5 Bd6 5.
Nec3 Nge7 6. Bd3 O-O ({9:-0.51} 6... O-O 7. Nb5 Bb8 8. O-O Nxd5 9. exd5 Nb4 10.
Be4 Qh4 11. Re1 $14) ({9:-0.40} 6... Nxd5 7. Nxd5 Qh4 8. Ne3 Ne7 9. g3 Qh3 10.
Bf1 Qe6 11. Bb5 $14) 7. O-O a6 ({9:-0.75} 7... a6 8. Qh5 b5 9. Re1 c4 10. Be2
Nd4 11. Bd1 11... Bb7 $16) ({9:-0.38} 7... Nxd5 8. Nxd5 Qh4 9. Qe1 Nb4 10. Nxb4
cxb4 11. Qe3 Be7 12. Bc4 12... Bg5 $14) 8. Re1 b5 9. Qg4 Bb8 ({8:-0.84} 9...
Bb8 10. Nf6+ Kh8 11. Nh5 Rg8 12. Qf3 c4 13. Be2 b4 14. Nd5 Nxd5 15. exd5 $16) (
{8:-0.59} 9... c4 10. Be2 Nd4 11. Bd1 b4 12. Nxe7+ Bxe7 13. Nd5 Bb7 14. Qh5
Bxd5 15. exd5 $14) 10. Nf6+ Kh8 11. Nh5 Rg8 12. a4 Nb4 13. b3 c4 14. Ba3 cxd3
15. Bxb4 Nc6 16. Nd5 bxa4 17. Rxa4 dxc2 18. Rc1 Nd4 19. Be7 d6 20. Qh4 Ne2+ 21.
Kh1 Nxc1 22. Bxd8 Nxb3 23. Rc4 c1=Q+ 24. Rxc1 Nxc1 25. Nhf6 h6 26. Nxg8 Kxg8
27. Ne7+ Kh7 28. Nxc8 Ba7 29. Qh3 Nd3 30. Qf5+ Kh8 31. Nxa7 Rb8 32. h3 Rxd8 33.
Qxf7 a5 34. Qc7 Rg8 35. f3 d5 36. exd5 a4 37. d6 a3 38. Qa5 a2 39. Qxa2 Nc5 40.
Qf7 Rd8 41. Nc6 Rg8 42. d7 Nxd7 43. Qxd7 g5 44. Nxe5 Rg7 45. Nf7+ Kg8 46. Qe8+
Kh7 47. Qh8+ Kg6 48. Ne5+ Kf5 49. Qxg7 h5 50. g4+ Ke6 51. gxh5 Kd5 52. Qxg5 Ke6
53. h6 Kd6 54. h7 Ke6 55. h8=Q Kd6 56. Qhd8+ Ke6 57. Qgf6# 1-0

[Event "ICS rated standard match"]
[Site "207.99.83.227"]
[Date "1999.03.21"]
[Round "?"]
[White "rajah"]
[Black "Hossa"]
[Result "1/2-1/2"]
[WhiteElo "2313"]
[BlackElo "2204"]
[PlyCount "201"]

1. e4 e5 2. Nc3 Nf6 3. Nf3 Bb4 4. Nxe5 d6 5. Nf3 O-O 6. d3 d5 7. e5 Re8 8. Be2
d4 9. a3 dxc3 10. axb4 Nd5 11. bxc3 Nxc3 12. Qd2 Nxe2 13. Qxe2 Bg4 14. Bb2 Qe7
15. Bc3 Nc6 16. O-O Nxb4 17. Bxb4 Qxb4 18. Rab1 Bxf3 19. Qxf3 Qc5 20. Rxb7 Qxc2
21. Qe3 Qc6 22. Rfb1 a5 23. R7b5 a4 24. Rc5 Qd7 25. d4 Rad8 26. d5 Qf5 27. Re1
Re7 28. f4 Rb8 29. Rec1 Qd7 30. Rxc7 Qxc7 31. Rxc7 Rxc7 32. h4 Rb2 33. e6 fxe6
34. d6 Rf7 35. Qd4 Rb1+ 36. Kh2 Rb8 37. Qxa4 Rd8 38. Qb3 Kh8 39. Qxe6 Rf6 40.
Qe5 Rfxd6 41. g3 Rf6 42. h5 Rdf8 43. Kg1 Rf5 44. Qd6 h6 45. Kg2 Rg8 46. g4 Rf6
47. Qe5 Rff8 48. g5 Re8 49. Qd5 Rd8 50. Qc6 Rc8 51. Qg6 Rc3 52. Kf1 hxg5 53.
fxg5 Rf8+ 54. Ke2 Rc7 55. h6 Re7+ 56. Kd3 Rd8+ 57. Kc4 Rc7+ 58. Kb5 Rb8+ 59.
Ka6 Ra8+ 60. Kb6 Re7 61. hxg7+ Kg8 62. Qh5 Rxg7 63. g6 Rga7 64. Qh6 Re7 65. Kb5
Rb7+ 66. Kc4 Ra6 67. Qh3 Rc7+ 68. Kb5 Rxg6 69. Qe3 Rb7+ 70. Kc4 Rc6+ 71. Kd5
Rf6 72. Qg5+ Kf7 73. Qh5+ Kf8 74. Qh8+ Ke7 75. Qh7+ Rf7 76. Qh4+ Ke8 77. Qh8+
Kd7 78. Qh3+ Kc7 79. Qc3+ Kb8 80. Qe5+ Rfc7 81. Ke4 Rb1 82. Kf5 Rf1+ 83. Ke6
Rfc1 84. Qb5+ Rb7 85. Qe5+ Rcc7 86. Kf5 Rb1 87. Qd5 Rf1+ 88. Ke5 Rcc1 89. Qd8+
Kb7 90. Qd5+ Kb6 91. Qd6+ Kb5 92. Qb8+ Kc4 93. Qc8+ Kb3 94. Qe6+ Kc3 95. Qc6+
Kd2 96. Qd5+ Ke2 97. Qe4+ Kf2 98. Qf4+ Ke2 99. Qe4+ Kf2 100. Qf4+ Ke2 101. Qe4+
{Game drawn by repetition} 1/2-1/2